<?xml version="1.0" encoding="UTF-8"?>
<record
    xmlns:xsi="http://www.w3.org/2001/XMLSchema-instance"
    xsi:schemaLocation="http://www.loc.gov/MARC21/slim http://www.loc.gov/standards/marcxml/schema/MARC21slim.xsd"
    xmlns="http://www.loc.gov/MARC21/slim">

  <leader>02679nam a2200265 i 4500</leader>
  <controlfield tag="005">20220317000534.0</controlfield>
  <controlfield tag="008">160601s2004    ck a   gs     000 0 spa d</controlfield>
  <datafield tag="020" ind1=" " ind2=" ">
    <subfield code="a">9587090489</subfield>
  </datafield>
  <datafield tag="040" ind1=" " ind2=" ">
    <subfield code="a">CO-BoRNBP</subfield>
    <subfield code="b">spa</subfield>
    <subfield code="c">CO-BoRNBP</subfield>
    <subfield code="e">rda</subfield>
  </datafield>
  <datafield tag="082" ind1="0" ind2="4">
    <subfield code="a">330.91861</subfield>
    <subfield code="b">L32g2</subfield>
  </datafield>
  <datafield tag="100" ind1="1" ind2=" ">
    <subfield code="a">Li&#xE9;vano Aguirre, Indalecio,</subfield>
    <subfield code="d">1917-1982</subfield>
    <subfield code="e">autor</subfield>
  </datafield>
  <datafield tag="245" ind1="1" ind2="4">
    <subfield code="a">Los grandes conflictos sociales y econ&#xF3;micos de nuestra historia</subfield>
    <subfield code="b">de la Campa&#xF1;a libertadora al Congreso de Panam&#xE1;</subfield>
    <subfield code="c">Indalecio Li&#xE9;vano Aguirre</subfield>
  </datafield>
  <datafield tag="250" ind1=" " ind2=" ">
    <subfield code="a">Primera edici&#xF3;n</subfield>
  </datafield>
  <datafield tag="264" ind1=" " ind2="1">
    <subfield code="a">Bogot&#xE1;</subfield>
    <subfield code="b">Intermedio</subfield>
    <subfield code="c">2004</subfield>
  </datafield>
  <datafield tag="300" ind1=" " ind2=" ">
    <subfield code="a">2 vol&#xFA;mnes</subfield>
    <subfield code="b">ilustraciones</subfield>
    <subfield code="c">24 cm</subfield>
  </datafield>
  <datafield tag="336" ind1=" " ind2=" ">
    <subfield code="a">texto</subfield>
    <subfield code="b">txt</subfield>
    <subfield code="2">rdacontent</subfield>
  </datafield>
  <datafield tag="337" ind1=" " ind2=" ">
    <subfield code="a">sin mediaci&#xF3;n</subfield>
    <subfield code="b">n</subfield>
    <subfield code="2">rdamedia</subfield>
  </datafield>
  <datafield tag="338" ind1=" " ind2=" ">
    <subfield code="a">volumen</subfield>
    <subfield code="b">nc</subfield>
    <subfield code="2">rdacarrier</subfield>
  </datafield>
  <datafield tag="505" ind1="1" ind2=" ">
    <subfield code="a">volumen 1. Li&#xE9;vano Aguirre, la historia aut&#xE9;ntica -- La primera lucha por la justicia -- La controversia sobre las encomiendas.-- La rebeli&#xF3;n de los encomenderos -- La iglesia y los encomenderos -- La fronda sojuzgada -- Sobre el lomo de los conflictos -- La reforma agraria y la reforma tributaria de 1591 ; El mot&#xED;n de las alcabalas -- El conflicto entre la &#xE9;tica cat&#xF3;lica y la &#xE9;tica protestante -- La batalla por el dominio del mundo -- Las misiones Jesu&#xED;ticas en el nuevo reino -- Las reducciones guaran&#xED;es -- El despotismo ilustrado -- Los fil&#xF3;sofos de la oligarqu&#xED;a y los fil&#xF3;sofos de la democracia -- en las guerras del coloniaje -- La revoluci&#xF3;n de los comuneros -- Las contradicciones revolucionarias del r&#xE9;gimen colonial -- El derrumbe de la autoridad pol&#xED;tica de Espa&#xF1;a -- el 20 de julio de 1810 -- La batalla por la independencia -- En la patria boba -- La colonia interior -- Nari&#xF1;o en el poder -- Hacia la independencia -- Nari&#xF1;o frente a la fronda -- La dictadura de Nari&#xF1;o -- La Libertadura -- El ep&#xED;logo de Pasto -- La guerra social -- La hora decisiva -- La pacificaci&#xF3;n espa&#xF1;ola -- La estrategia pol&#xED;tica de la revoluci&#xF3;n -- Volumen 2. El caudillo de la revoluci&#xF3;n  -- El ascenso a las altiplanicies -- El "civilismo" plutocr&#xE1;tico -- La oligarqu&#xED;a se adue&#xF1;a del poder -- Una oligarqu&#xED;a con el alma de una factura de importaci&#xF3;n -- El empr&#xE9;stito ingl&#xE9;s -- La independencia como problema continental -- El protector del Per&#xFA; -- La entrevista de Guayaquil -- Bol&#xED;var en el Per&#xFA; -- La traici&#xF3;n de las oligarqu&#xED;as -- Jun&#xED;n y Ayacucho -- La batalla por la unidad de Hispanoam&#xE9;rica -- La conferencia de Potos&#xED; -- El Congreso de Panam&#xE1; (Bol&#xED;var y la doctrina Monroe)</subfield>
  </datafield>
  <datafield tag="650" ind1="1" ind2="4">
    <subfield code="2">Revoluciones</subfield>
    <subfield code="x">Historia</subfield>
    <subfield code="z">Colombia</subfield>
  </datafield>
  <datafield tag="651" ind1=" " ind2="4">
    <subfield code="a">Colombia</subfield>
    <subfield code="y">1590-1820</subfield>
    <subfield code="9">47489</subfield>
  </datafield>
  <datafield tag="651" ind1=" " ind2="4">
    <subfield code="a">Colombia</subfield>
    <subfield code="x">Historia</subfield>
    <subfield code="x">Independencia</subfield>
    <subfield code="9">124813</subfield>
  </datafield>
  <datafield tag="700" ind1="1" ind2=" ">
    <subfield code="a">Ram&#xED;rez Santos, Alberto</subfield>
    <subfield code="e">editor</subfield>
    <subfield code="9">2976</subfield>
  </datafield>
  <datafield tag="942" ind1=" " ind2=" ">
    <subfield code="2">ddc</subfield>
    <subfield code="c">BK</subfield>
  </datafield>
  <datafield tag="999" ind1=" " ind2=" ">
    <subfield code="c">4328</subfield>
    <subfield code="d">4328</subfield>
  </datafield>
  <datafield tag="952" ind1=" " ind2=" ">
    <subfield code="0">0</subfield>
    <subfield code="1">0</subfield>
    <subfield code="2">ddc</subfield>
    <subfield code="4">0</subfield>
    <subfield code="7">0</subfield>
    <subfield code="8">GEN</subfield>
    <subfield code="a">MEDORADO</subfield>
    <subfield code="b">MEDORADO</subfield>
    <subfield code="c">GEN</subfield>
    <subfield code="d">2022-12-15</subfield>
    <subfield code="l">0</subfield>
    <subfield code="o">330.91861 L32g</subfield>
    <subfield code="p">DOR00222</subfield>
    <subfield code="r">2022-12-15 00:00:00</subfield>
    <subfield code="t">Ej.1</subfield>
    <subfield code="w">2022-12-15</subfield>
    <subfield code="y">BK</subfield>
  </datafield>
  <datafield tag="952" ind1=" " ind2=" ">
    <subfield code="0">0</subfield>
    <subfield code="1">0</subfield>
    <subfield code="2">ddc</subfield>
    <subfield code="4">0</subfield>
    <subfield code="7">0</subfield>
    <subfield code="8">GEN</subfield>
    <subfield code="a">MEPRICO</subfield>
    <subfield code="b">MEPRICO</subfield>
    <subfield code="c">GEN</subfield>
    <subfield code="d">2023-01-26</subfield>
    <subfield code="l">0</subfield>
    <subfield code="o">330.91861 L32g</subfield>
    <subfield code="p">PR00000371</subfield>
    <subfield code="r">2023-01-26 00:00:00</subfield>
    <subfield code="t">Ej.1</subfield>
    <subfield code="w">2023-01-26</subfield>
    <subfield code="y">BK</subfield>
  </datafield>
  <datafield tag="952" ind1=" " ind2=" ">
    <subfield code="0">0</subfield>
    <subfield code="1">0</subfield>
    <subfield code="2">ddc</subfield>
    <subfield code="4">0</subfield>
    <subfield code="7">0</subfield>
    <subfield code="8">GEN</subfield>
    <subfield code="a">MESMARTI</subfield>
    <subfield code="b">MESMARTI</subfield>
    <subfield code="c">GEN</subfield>
    <subfield code="d">2023-04-21</subfield>
    <subfield code="l">0</subfield>
    <subfield code="o">330.91861  L32g</subfield>
    <subfield code="p">SM001114</subfield>
    <subfield code="r">2023-04-21 00:00:00</subfield>
    <subfield code="t">Ej.1</subfield>
    <subfield code="w">2023-04-21</subfield>
    <subfield code="y">BK</subfield>
  </datafield>
  <datafield tag="952" ind1=" " ind2=" ">
    <subfield code="0">0</subfield>
    <subfield code="1">0</subfield>
    <subfield code="2">ddc</subfield>
    <subfield code="4">0</subfield>
    <subfield code="7">0</subfield>
    <subfield code="8">GEN</subfield>
    <subfield code="a">MEMAPIRI</subfield>
    <subfield code="b">MEMAPIRI</subfield>
    <subfield code="c">GEN</subfield>
    <subfield code="d">2023-07-06</subfield>
    <subfield code="l">0</subfield>
    <subfield code="o">330.91861L32g2</subfield>
    <subfield code="p">MAP0000307</subfield>
    <subfield code="r">2023-07-06 00:00:00</subfield>
    <subfield code="t">Ej.1</subfield>
    <subfield code="w">2023-07-06</subfield>
    <subfield code="y">BK</subfield>
  </datafield>
  <datafield tag="952" ind1=" " ind2=" ">
    <subfield code="0">0</subfield>
    <subfield code="1">0</subfield>
    <subfield code="2">ddc</subfield>
    <subfield code="4">0</subfield>
    <subfield code="7">0</subfield>
    <subfield code="8">GEN</subfield>
    <subfield code="a">MEBAUPIA</subfield>
    <subfield code="b">MEBAUPIA</subfield>
    <subfield code="c">GEN</subfield>
    <subfield code="d">2023-10-30</subfield>
    <subfield code="l">0</subfield>
    <subfield code="o">330.91861 L32g</subfield>
    <subfield code="p">BUP01289</subfield>
    <subfield code="r">2023-10-30 22:44:43</subfield>
    <subfield code="t">Ej.1</subfield>
    <subfield code="w">2023-10-30</subfield>
    <subfield code="y">BK</subfield>
  </datafield>
  <datafield tag="952" ind1=" " ind2=" ">
    <subfield code="0">0</subfield>
    <subfield code="1">0</subfield>
    <subfield code="2">ddc</subfield>
    <subfield code="4">0</subfield>
    <subfield code="7">0</subfield>
    <subfield code="8">GEN</subfield>
    <subfield code="a">MESMARTI</subfield>
    <subfield code="b">MESMARTI</subfield>
    <subfield code="c">GEN</subfield>
    <subfield code="d">2024-03-16</subfield>
    <subfield code="l">0</subfield>
    <subfield code="o">980  L722  TII</subfield>
    <subfield code="p">SM03375</subfield>
    <subfield code="r">2024-03-16 14:23:11</subfield>
    <subfield code="t">Ej.1</subfield>
    <subfield code="w">2024-03-16</subfield>
    <subfield code="y">BK</subfield>
  </datafield>
  <datafield tag="952" ind1=" " ind2=" ">
    <subfield code="0">0</subfield>
    <subfield code="1">0</subfield>
    <subfield code="2">ddc</subfield>
    <subfield code="4">0</subfield>
    <subfield code="7">0</subfield>
    <subfield code="8">GEN</subfield>
    <subfield code="a">MECUMARA</subfield>
    <subfield code="b">MECUMARA</subfield>
    <subfield code="c">GEN</subfield>
    <subfield code="d">2024-05-27</subfield>
    <subfield code="l">0</subfield>
    <subfield code="o">330.91861L3g</subfield>
    <subfield code="p">CUM00231</subfield>
    <subfield code="r">2024-05-27 20:54:59</subfield>
    <subfield code="t">Ej.1</subfield>
    <subfield code="w">2024-05-27</subfield>
    <subfield code="y">BK</subfield>
  </datafield>
  <datafield tag="952" ind1=" " ind2=" ">
    <subfield code="0">0</subfield>
    <subfield code="1">0</subfield>
    <subfield code="2">ddc</subfield>
    <subfield code="4">0</subfield>
    <subfield code="7">0</subfield>
    <subfield code="8">GEN</subfield>
    <subfield code="a">MEURIBE</subfield>
    <subfield code="b">MEURIBE</subfield>
    <subfield code="c">GEN</subfield>
    <subfield code="d">2024-07-17</subfield>
    <subfield code="l">0</subfield>
    <subfield code="o">330.91861 L32g</subfield>
    <subfield code="p">URI00337</subfield>
    <subfield code="r">2024-07-17 08:03:26</subfield>
    <subfield code="t">Ej.1</subfield>
    <subfield code="w">2024-07-17</subfield>
    <subfield code="y">BK</subfield>
  </datafield>
  <datafield tag="952" ind1=" " ind2=" ">
    <subfield code="0">0</subfield>
    <subfield code="1">0</subfield>
    <subfield code="2">ddc</subfield>
    <subfield code="4">0</subfield>
    <subfield code="7">0</subfield>
    <subfield code="8">GEN</subfield>
    <subfield code="a">MEPLOPEZ</subfield>
    <subfield code="b">MEPLOPEZ</subfield>
    <subfield code="c">GEN</subfield>
    <subfield code="d">2025-04-16</subfield>
    <subfield code="l">0</subfield>
    <subfield code="o">330.91861 L32g2</subfield>
    <subfield code="p">PLZ00459</subfield>
    <subfield code="r">2025-04-16 11:16:02</subfield>
    <subfield code="t">Ej.1</subfield>
    <subfield code="w">2025-04-16</subfield>
    <subfield code="y">BK</subfield>
  </datafield>
  <datafield tag="952" ind1=" " ind2=" ">
    <subfield code="0">0</subfield>
    <subfield code="1">0</subfield>
    <subfield code="2">ddc</subfield>
    <subfield code="4">0</subfield>
    <subfield code="7">0</subfield>
    <subfield code="8">GEN</subfield>
    <subfield code="a">MEACACIA</subfield>
    <subfield code="b">MEACACIA</subfield>
    <subfield code="c">GEN</subfield>
    <subfield code="d">2025-04-30</subfield>
    <subfield code="l">0</subfield>
    <subfield code="o">330.91861 L32g</subfield>
    <subfield code="p">ACA02470</subfield>
    <subfield code="r">2025-04-30 16:31:09</subfield>
    <subfield code="t">Ej.1</subfield>
    <subfield code="w">2025-04-30</subfield>
    <subfield code="y">BK</subfield>
  </datafield>
  <datafield tag="952" ind1=" " ind2=" ">
    <subfield code="0">0</subfield>
    <subfield code="1">0</subfield>
    <subfield code="2">ddc</subfield>
    <subfield code="4">0</subfield>
    <subfield code="7">0</subfield>
    <subfield code="8">GEN</subfield>
    <subfield code="a">MECUMARA</subfield>
    <subfield code="b">MECUMARA</subfield>
    <subfield code="c">GEN</subfield>
    <subfield code="d">2025-09-22</subfield>
    <subfield code="l">0</subfield>
    <subfield code="o">330.91861 L32g2</subfield>
    <subfield code="p">CUM01259</subfield>
    <subfield code="r">2025-09-22 20:56:09</subfield>
    <subfield code="t">Ej.1</subfield>
    <subfield code="w">2025-09-22</subfield>
    <subfield code="y">BK</subfield>
  </datafield>
</record>
